[Event "Prague op 22nd"]
[Site "Prague"]
[Date "2024.01.08"]
[Round "5"]
[White "Brnusak, Tomas"]
[Black "Bezdek, Tomas"]
[Result "1-0"]
[WhiteElo "2229"]
[BlackElo "2022"]
[PlyCount "83"]
[EventDate "2024.01.05"]
[EventType "swiss"]
[EventRounds "9"]
[EventCountry "CZE"]
[SourceTitle "CB03_2024"]
[SourceDate "2024.01.17"]
[SourceVersion "1"]
[SourceVersionDate "2024.01.17"]
[SourceQuality "1"]

1. e4 e6 2. d4 d5 3. Nc3 Bb4 4. e5 c5 5. Bd2 Ne7 6. a3 Bxc3 7. Bxc3 b6 8. h4 Ba6 9. Bxa6 Nxa6 10. Qe2 Nb8 11. Nf3 Qc7 12. h5 h6 13. a4 Nd7 14. 0-0 Rc8 15. a5 0-0 16. Rfe1 Nc6 17. g4 cxd4 18. Bxd4 Nxa5 19. c3 Nb3 20. Rad1 Ndc5 21. Kh1 Ne4 22. Be3 Qc4 23. Qc2 f5 24. exf6 Rxf6 25. Ne5 Qc7 26. Ng6 Nbc5 27. Bd4 Rxg6 28. hxg6 Qf4 29. f3 Qxf3+ 30. Qg2 Rf8 31. Qxf3 Rxf3 32. Kh2 Rf4 33. Rg1 Nf6 34. Rdf1 Rxf1 35. Rxf1 Nxg4+ 36. Kg3 Nf6 37. Bxc5 bxc5 38. Ra1 Kf8 39. Rxa7 Ne4+ 40. Kf4 Ng5 41. Ke5 c4 42. Kd6 1-0

[Event "Ricany op"]
[Site "Ricany"]
[Date "2023.08.30"]
[Round "6"]
[White "Bezdek, Tomas"]
[Black "Pressler, Tobias"]
[Result "1-0"]
[WhiteElo "2136"]
[BlackElo "1912"]
[PlyCount "105"]
[EventDate "2023.08.26"]
[EventType "swiss"]
[EventRounds "9"]
[EventCountry "CZE"]
[SourceTitle "EXT 2024"]
[Source "ChessBase"]
[SourceDate "2023.10.10"]
[SourceVersion "1"]
[SourceVersionDate "2023.10.10"]
[SourceQuality "1"]

1. d4 d5 2. Nc3 Nf6 3. Bf4 g6 4. e3 Bg7 5. h3 a6 6. Nf3 0-0 7. Be2 b6 8. 0-0 Bb7 9. a4 Nbd7 10. Na2 c5 11. Ne5 Nxe5 12. Bxe5 Rc8 13. c3 Qd7 14. Qb3 Qc6 15. Qa3 Ne4 16. Bxg7 Kxg7 17. Rfd1 Rfe8 18. Bd3 Nd6 19. Nc1 e5 20. Be2 exd4 21. cxd4 c4 22. Na2 h5 23. Rac1 b5 24. Nc3 Qb6 25. axb5 axb5 26. Qb4 Ra8 27. Bf3 Ra6 28. Bxd5 Qa5 29. Qxa5 Rxa5 30. Bxb7 Nxb7 31. Nd5 Nd6 32. Rb1 Rb8 33. b3 cxb3 34. Rxb3 Rc8 35. Nb4 Rc4 36. Rdb1 Kf6 37. Nd5+ Ke6 38. Nc3 b4 39. Ne2 Ra4 40. Nf4+ Kd7 41. Nd5 Ra6 42. Rxb4 Rxb4 43. Rxb4 Ra2 44. Nf4 Ke7 45. Nd3 Rd2 46. Ne5 Rd1+ 47. Kh2 Rf1 48. Rb2 Ke6 49. g4 hxg4 50. hxg4 g5 51. Kg2 Ra1 52. Rb6 Ke7 53. Rxd6 1-0

[Event "Prague Golden Rapid op"]
[Site "Prague"]
[Date "2023.06.17"]
[Round "6"]
[White "Bezdek, Tomas"]
[Black "Shagbazyan, Taron"]
[Result "0-1"]
[WhiteElo "1871"]
[BlackElo "2439"]
[PlyCount "68"]
[EventDate "2023.06.17"]
[EventType "swiss (rapid)"]
[EventRounds "9"]
[EventCountry "CZE"]
[SourceTitle "CBM 215 Extra"]
[Source "ChessBase"]
[SourceDate "2023.09.30"]
[SourceVersion "1"]
[SourceVersionDate "2023.09.30"]
[SourceQuality "1"]

1. e4 e5 2. Nf3 Nc6 3. Bc4 Bc5 4. 0-0 Nf6 5. d3 d6 6. a4 a5 7. c3 h6 8. h3 0-0 9. Re1 Bb6 10. Nbd2 Ne7 11. Nf1 Ng6 12. d4 c6 13. Bb3 Re8 14. Qc2 Nh5 15. Be3 Bc7 16. dxe5 dxe5 17. Qd1 Nhf4 18. Qxd8 Rxd8 19. Rad1 Be6 20. Bxe6 Nxe6 21. g3 Ngf8 22. N1d2 f6 23. Nh4 Nd7 24. Nb3 h5 25. Nf5 Nb6 26. Bxb6 Bxb6 27. Nd6 Rd7 28. Nc4 Rxd1 29. Rxd1 Bc7 30. Rd7 Kf8 31. Nd6 Bxd6 32. Rxd6 Ke7 33. Rd1 Ng5 34. Re1 Nf3+ 0-1

[Event "CZE-ch Amateur"]
[Site "Hluk"]
[Date "2023.05.09"]
[Round "5"]
[White "Bezdek, Tomas"]
[Black "Hladky, Mikulas"]
[Result "1-0"]
[WhiteElo "2076"]
[BlackElo "1527"]
[PlyCount "77"]
[EventDate "2023.05.06"]
[EventType "swiss"]
[EventRounds "9"]
[EventCountry "CZE"]
[SourceTitle "CBM 214 Extra"]
[Source "ChessBase"]
[SourceDate "2023.07.31"]
[SourceVersion "1"]
[SourceVersionDate "2023.07.31"]
[SourceQuality "1"]

1. e4 c5 2. Nf3 d6 3. d4 cxd4 4. Nxd4 Nf6 5. Nc3 a6 6. Be2 e6 7. 0-0 Be7 8. Be3 0-0 9. f4 b5 10. a3 Bb7 11. Bd3 Nbd7 12. Nb3 Nc5 13. Nxc5 dxc5 14. e5 Nd5 15. Nxd5 Qxd5 16. Rf2 c4 17. Bf1 Qxd1 18. Rxd1 Rfd8 19. Rfd2 Rxd2 20. Rxd2 Rd8 21. Rxd8+ Bxd8 22. Kf2 Kf8 23. Bc5+ Be7 24. Bxe7+ Kxe7 25. Ke3 Kd7 26. Kd4 Kc7 27. Kc5 Bc6 28. g3 Be4 29. c3 Bc6 30. Be2 g6 31. a4 Be8 32. axb5 axb5 33. Bd1 Bc6 34. b3 Bd5 35. bxc4 Bxc4 36. Bf3 Bd3 37. Bc6 Kd8 38. Bxb5 Be4 39. Kd6 1-0

[Event "CZE-ch Amateur"]
[Site "Hluk"]
[Date "2023.05.08"]
[Round "4"]
[White "Siles, Jan"]
[Black "Bezdek, Tomas"]
[Result "1-0"]
[WhiteElo "1857"]
[BlackElo "2076"]
[PlyCount "45"]
[EventDate "2023.05.06"]
[EventType "swiss"]
[EventRounds "9"]
[EventCountry "CZE"]
[SourceTitle "CBM 214 Extra"]
[Source "ChessBase"]
[SourceDate "2023.07.31"]
[SourceVersion "1"]
[SourceVersionDate "2023.07.31"]
[SourceQuality "1"]

1. d4 Nf6 2. Bg5 d5 3. c4 e6 4. Nc3 Bb4 5. e3 c6 6. cxd5 Qa5 7. Bxf6 Bxc3+ 8. bxc3 Qxc3+ 9. Ke2 gxf6 10. Rc1 Qa5 11. dxc6 Nxc6 12. Qd2 Qb6 13. f3 Bd7 14. Kf2 Ke7 15. Bd3 Qb4 16. Qc2 Nxd4 17. exd4 Rac8 18. Qd1 Qxd4+ 19. Ke2 Qb2+ 20. Rc2 Qe5+ 21. Kf1 Ba4 22. Rxc8 Bxd1 23. Rxh8 1-0

[Event "CZE-ch Amateur"]
[Site "Hluk"]
[Date "2023.05.07"]
[Round "3"]
[White "Bezdek, Tomas"]
[Black "Sabol, Marian"]
[Result "0-1"]
[WhiteElo "2076"]
[BlackElo "2268"]
[PlyCount "76"]
[EventDate "2023.05.06"]
[EventType "swiss"]
[EventRounds "9"]
[EventCountry "CZE"]
[SourceTitle "CBM 214 Extra"]
[Source "ChessBase"]
[SourceDate "2023.07.31"]
[SourceVersion "1"]
[SourceVersionDate "2023.07.31"]
[SourceQuality "1"]

1. e4 g6 2. d4 Nf6 3. Nc3 d5 4. e5 Nh5 5. Nce2 c5 6. dxc5 Nc6 7. Nf3 Bg4 8. Ned4 Bg7 9. Be2 Qd7 10. c3 Bxf3 11. Bxf3 Nxe5 12. Bxh5 gxh5 13. 0-0 h4 14. Re1 Bf6 15. Qh5 Nd3 16. Re3 Nxc5 17. Re2 h3 18. Bf4 Rg8 19. g3 Nd3 20. Qxh7 Qg4 21. Qxd3 Qxf4 22. Rae1 0-0-0 23. Kh1 Qc7 24. a4 Kb8 25. b4 Rc8 26. Rc2 Qc4 27. Rd1 e6 28. Kg1 Rc7 29. Qh7 Rh8 30. Qd3 Qxd3 31. Rxd3 Rhc8 32. Ne2 Bh8 33. g4 Rc4 34. Rxh3 Rxg4+ 35. Kf1 Be5 36. Nc1 Rxb4 37. Rf3 Rxa4 38. Rxf7 Rxc3 0-1

[Event "CZE-chT1W 2223"]
[Site "Czech Republic"]
[Date "2022.10.30"]
[Round "2.6"]
[White "Kozeny, Pavel"]
[Black "Bezdek, Tomas"]
[Result "1-0"]
[WhiteElo "2010"]
[BlackElo "1980"]
[PlyCount "141"]
[EventDate "2022.10.09"]
[EventType "team-tourn"]
[EventRounds "11"]
[EventCountry "CZE"]
[SourceTitle "CBM 213 Extra"]
[Source "ChessBase"]
[SourceDate "2023.05.31"]
[SourceVersion "1"]
[SourceVersionDate "2023.05.31"]
[SourceQuality "1"]
[WhiteTeam "Lysa nad Labem II"]
[BlackTeam "Ricany Betsys II"]
[WhiteTeamCountry "CZE"]
[BlackTeamCountry "CZE"]

1. Nf3 Nf6 2. c4 e6 3. b3 b6 4. Bb2 Bb7 5. e3 Be7 6. Be2 0-0 7. 0-0 d6 8. d4 Nbd7 9. Nbd2 Ne4 10. Nxe4 Bxe4 11. Nd2 Bb7 12. Bf3 d5 13. Qc2 Bd6 14. e4 Bf4 15. Rfe1 c6 16. Nf1 b5 17. Bc1 Bxc1 18. Raxc1 Rc8 19. c5 dxe4 20. Bxe4 f5 21. Bf3 Qf6 22. Qc3 Rfe8 23. b4 Rcd8 24. Bd1 Nf8 25. Re5 Ng6 26. Bb3 Nxe5 27. dxe5 Qg5 28. h3 Kf7 29. Nh2 h6 30. Nf3 Qf4 31. Re1 h5 32. g3 Qh6 33. h4 Bc8 34. Nd4 Bd7 35. Nxf5 Qg6 36. Nd6+ Kg8 37. Bc2 Qg4 38. Nxe8 Bxe8 39. Kg2 Qd4 40. Re3 Qxc3 41. Rxc3 Rd4 42. a3 Rd5 43. Re3 Rd2 44. Be4 g6 45. Kf3 Kg7 46. Bd3 Bd7 47. Be2 Rd4 48. Kg2 Rd5 49. g4 Be8 50. gxh5 gxh5 51. Rg3+ Kh6 52. Re3 Bd7 53. f4 Be8 54. Rd3 Rxd3 55. Bxd3 Bd7 56. Kg3 Kg7 57. Be4 Kf7 58. Bc2 Kg7 59. a4 a6 60. axb5 axb5 61. Kf3 Kh6 62. Ke4 Kg7 63. Bd1 Kh6 64. Bf3 Kg6 65. Bg2 Kh6 66. f5 exf5+ 67. Kf4 Kg6 68. e6 Be8 69. Bh3 Kg7 70. Kxf5 Kf8 71. Kf6 1-0

[Event "Ricany op 20th"]
[Site "Ricany"]
[Date "2022.09.01"]
[Round "7"]
[White "Ocelak, Jakub"]
[Black "Bezdek, Tomas"]
[Result "1-0"]
[WhiteElo "2149"]
[BlackElo "2034"]
[PlyCount "71"]
[EventDate "2022.08.27"]
[EventType "swiss"]
[EventRounds "9"]
[EventCountry "CZE"]
[SourceTitle "CBM 210 Extra"]
[Source "ChessBase"]
[SourceDate "2022.11.30"]
[SourceVersion "1"]
[SourceVersionDate "2022.11.30"]
[SourceQuality "1"]

1. e4 c5 2. Nf3 d6 3. Bb5+ Bd7 4. c4 Bxb5 5. cxb5 a6 6. bxa6 Rxa6 7. d4 cxd4 8. Nxd4 g6 9. 0-0 Bg7 10. Be3 Nf6 11. Nc3 0-0 12. Qe2 Nc6 13. Rfd1 Qd7 14. f3 Ne8 15. Nb3 Qc8 16. Nd5 f5 17. exf5 Qxf5 18. Bf2 e6 19. Nc3 Be5 20. Bg3 Bxc3 21. bxc3 e5 22. Rd2 Na5 23. Rb2 Rf7 24. Rab1 Qe6 25. Nd2 Rc6 26. Ne4 h6 27. Rb5 Nc4 28. Rxb7 Rxb7 29. Rxb7 Qc8 30. Rb4 d5 31. Nd2 Nxd2 32. Qxd2 Qe6 33. Rb5 Nc7 34. Rb8+ Kh7 35. Qe3 e4 36. Rb7 1-0

[Event "Ricany op 20th"]
[Site "Ricany"]
[Date "2022.08.28"]
[Round "3"]
[White "Skala, Jaromir"]
[Black "Bezdek, Tomas"]
[Result "0-1"]
[WhiteElo "1862"]
[BlackElo "2034"]
[PlyCount "80"]
[EventDate "2022.08.27"]
[EventType "swiss"]
[EventRounds "9"]
[EventCountry "CZE"]
[SourceTitle "CBM 210 Extra"]
[Source "ChessBase"]
[SourceDate "2022.11.30"]
[SourceVersion "1"]
[SourceVersionDate "2022.11.30"]
[SourceQuality "1"]

1. d4 Nf6 2. c4 e6 3. Nf3 b6 4. g3 Bb7 5. Bg2 Be7 6. 0-0 0-0 7. b3 d6 8. Bb2 Nbd7 9. Nbd2 Ne4 10. Nxe4 Bxe4 11. Qd2 d5 12. Rfd1 Nf6 13. Rac1 a5 14. c5 bxc5 15. dxc5 c6 16. Ne5 Qc7 17. f3 Bf5 18. Qf4 Nh5 19. Qa4 Bf6 20. Qd4 Rfb8 21. f4 g6 22. Bf3 Bh3 23. Qd2 Ng7 24. Bg4 Bxg4 25. Nxg4 Bxb2 26. Qxb2 Qe7 27. Ne5 Kh8 28. Ng4 Rb4 29. Ne5 Rc8 30. Rd4 f6 31. Rxb4 axb4 32. Nd3 Rb8 33. Qd2 Qb7 34. Qb2 Ne8 35. Qd4 h5 36. Qe3 Nc7 37. f5 g5 38. fxe6 Re8 39. Qd4 Rxe6 40. Qxb4 Qc8 0-1

[Event "Liberec op 21st"]
[Site "Liberec"]
[Date "2022.02.06"]
[Round "2"]
[White "Bezdek, Tomas"]
[Black "Frick, Christoph"]
[Result "1-0"]
[WhiteElo "1855"]
[BlackElo "2151"]
[PlyCount "93"]
[EventDate "2022.02.05"]
[EventType "swiss"]
[EventRounds "9"]
[EventCountry "CZE"]
[SourceTitle "EXT 2023"]
[Source "ChessBase"]
[SourceDate "2022.10.05"]
[SourceVersion "1"]
[SourceVersionDate "2022.10.05"]
[SourceQuality "1"]

1. e4 c6 2. Ne2 d5 3. e5 d4 4. Nf4 e6 5. c3 Bc5 6. Qg4 Kf8 7. Bc4 Nh6 8. Qf3 Qg5 9. Nd3 Bb6 10. cxd4 Nf5 11. h4 Nxh4 12. Qe4 Nf5 13. Nc5 Qd8 14. Nb3 Qg5 15. g4 Ne7 16. Rh5 Qg6 17. Qe2 f5 18. exf6 Qxf6 19. d3 Nd5 20. Bxd5 cxd5 21. Bg5 Qf7 22. Rh3 Ke8 23. Nc3 Qd7 24. Bf4 a6 25. Bxb8 Rxb8 26. 0-0-0 Qc6 27. Rdh1 h6 28. g5 Bc7 29. Qh5+ Kd8 30. Qh4 h5 31. g6+ Ke8 32. Qg5 Rf8 33. Qxh5 Qd6 34. Qh7 Qe7 35. Re1 Bf4+ 36. Kb1 Qd7 37. Nc5 Qd6 38. Qxg7 b6 39. Qh7 e5 40. g7 Bxh3 41. gxf8Q+ Qxf8 42. Nxa6 Qf5 43. Qxf5 Bxf5 44. Nxb8 Bxd3+ 45. Ka1 Kf7 46. Nxd5 Bg5 47. Rxe5 1-0

[Event "CZE-ch U16"]
[Site "Herlikovice"]
[Date "2021.10.27"]
[Round "5"]
[White "Bezdek, Tomas"]
[Black "Soucek, Petr"]
[Result "1-0"]
[WhiteElo "1790"]
[BlackElo "2140"]
[PlyCount "45"]
[EventDate "2021.10.23"]
[EventType "swiss"]
[EventRounds "9"]
[EventCountry "CZE"]
[SourceTitle "EXT 2023"]
[Source "ChessBase"]
[SourceDate "2022.10.05"]
[SourceVersion "1"]
[SourceVersionDate "2022.10.05"]
[SourceQuality "1"]

1. e4 e5 2. f4 exf4 3. Nf3 g5 4. Nc3 g4 5. Ne5 Qh4+ 6. g3 fxg3 7. Qxg4 Qxg4 8. Nxg4 d5 9. Ne5 Bd6 10. d4 Nf6 11. exd5 Nbd7 12. Bf4 gxh2 13. 0-0-0 Nb6 14. Re1 0-0 15. Rxh2 Bf5 16. Bh6 Rfe8 17. Bb5 Red8 18. Rf1 Bxe5 19. dxe5 Ng4 20. Rg2 Kh8 21. Bg5 Rg8 22. Rxf5 Ne3 23. Bf6+ 1-0

[Event "CZE-ch Betsys Online Blitz"]
[Site "Chess.com INT"]
[Date "2021.04.17"]
[Round "1"]
[White "Bezdek, Tomas"]
[Black "Sikorova, Olga"]
[Result "1-0"]
[WhiteElo "1601"]
[BlackElo "2215"]
[PlyCount "85"]
[EventDate "2021.04.17"]
[EventType "swiss (blitz)"]
[EventRounds "13"]
[EventCountry "CZE"]
[SourceTitle "CBM 201 Extra"]
[Source "ChessBase"]
[SourceDate "2021.05.31"]
[SourceVersion "1"]
[SourceVersionDate "2021.05.31"]
[SourceQuality "1"]

1. e4 e6 2. f4 d5 3. e5 c5 4. Nf3 Nc6 5. c3 d4 6. Na3 a6 7. Nc2 dxc3 8. bxc3 b5 9. d4 cxd4 10. Ncxd4 Bb7 11. a4 bxa4 12. Qxa4 Qd7 13. Be3 Nge7 14. Be2 Nd5 15. Bd2 Bc5 16. 0-0 0-0 17. Kh1 Rfb8 18. Qc4 Qe7 19. Nxc6 Bxc6 20. Nd4 Bxd4 21. Qxd4 a5 22. Bf3 Qc7 23. c4 Nb4 24. Bxb4 axb4 25. Qc5 Rxa1 26. Rxa1 b3 27. Qxc6 b2 28. Rb1 Qa5 29. Qe4 Qd2 30. Bd1 Qf2 31. h3 g6 32. Qf3 Qd2 33. Qe2 Qxf4 34. Qc2 Qd4 35. Kh2 Qxe5+ 36. Kh1 Qd4 37. Bf3 h6 38. c5 Rc8 39. c6 e5 40. Qxb2 Qd6 41. Qb7 Rc7 42. Qb8+ Kg7 43. Rb7 1-0

[Event "Prague op-B 19th"]
[Site "Prague"]
[Date "2020.01.14"]
[Round "6"]
[White "Bezdek, Tomas"]
[Black "Schlegel, Hagen"]
[Result "1-0"]
[WhiteElo "1255"]
[BlackElo "1696"]
[PlyCount "49"]
[EventDate "2020.01.10"]
[EventType "swiss"]
[EventRounds "9"]
[EventCountry "CZE"]
[SourceTitle "CBM 195 Extra"]
[Source "ChessBase"]
[SourceDate "2020.05.31"]
[SourceVersion "1"]
[SourceVersionDate "2020.05.31"]
[SourceQuality "1"]

1. d4 Nf6 2. Bf4 d5 3. e3 Bf5 4. c4 e6 5. Nc3 c6 6. Qb3 Qb6 7. c5 Qxb3 8. axb3 Be7 9. Bxb8 Rxb8 10. Rxa7 0-0 11. Nf3 Nd7 12. Be2 e5 13. b4 e4 14. Nd2 Be6 15. b5 f5 16. b4 Rfe8 17. Nb3 g6 18. Na5 Rec8 19. Rxb7 Rxb7 20. Nxb7 Ra8 21. bxc6 Ra1+ 22. Nd1 Nb6 23. cxb6 Bxb4+ 24. Kf1 Bc8 25. Nc5 1-0